Prenos nizkofrekvenčného signálu pomocou infračerveného žiarenia = Low-frequency signal transmission by means of infra-red radiation : Diplomová práca /
Saved in:
| Main Author: | |
|---|---|
| Other Authors: | |
| Format: | Manuscript Book |
| Published: |
Bratislava :
STU v Bratislave FEI,
1997
|
| Subjects: | |
| Tags: |
No Tags, Be the first to tag this record!
|
MARC
| LEADER | 00000ntm a22000003a 4500 | ||
|---|---|---|---|
| 001 | stu9908 | ||
| 005 | 20160719164950.4 | ||
| 008 | 970627s1997----------------------------d | ||
| 040 | |a STU |b slo | ||
| 041 | 0 | ||
| 100 | 1 | |a Lajčiak, Pavol |4 aut | |
| 245 | 1 | |a Prenos nizkofrekvenčného signálu pomocou infračerveného žiarenia = Low-frequency signal transmission by means of infra-red radiation : |b Diplomová práca / |c [aut.] Lajčiak,Pavol; Škol. Hribik,Ján | |
| 260 | |a Bratislava : |b STU v Bratislave FEI, |c 1997 | ||
| 300 | |a 63 s | ||
| 650 | 7 | |a elektronika |2 stusub | |
| 700 | 1 | |a Hribik, Ján, |d 1948- |4 ths |u E030 |U FEI Fakulta elektrotechniky a informatiky |T FEI Ústav elektroniky a fotoniky |X 2057 |U E030 |Y 549 |7 A000002057 | |